000 00612nam a2200205 4500
001 108910
003 ES-MaACL
005 20230906184734.0
007 t|
008 061121s1972 sp r ||||1| spa d
100 1 _aMoor , Paul.
_9185577
245 1 3 _aEl juego en la educación /
_cPaul Moor ; versión de Ramón Strack.
260 _aBarcelona :
_bHerder,
_c1972.
300 _a160 p. ;
_c22 cm.
490 1 _aBiblioteca de psicología ;
_v10
700 1 _aStrack, Ramón.
_9108357
830 0 _aBiblioteca de psicología ;
_v10
_9180745
852 _aES-MaACL
_jC-48782
_bR.84467
999 _c108910
_d108910